Pays avec les lettres (j, k, q, w, x, y, z) par ordre alphabétique - Statistiques

Statistiques générales
  • Ce quiz a été pris 24 fois
  • Le résultat moyen est 7 sur 15
Statistiques - réponses
Hint Réponse % Correct
Entre l'Europe et l'Asie Azerbaïdjan
69%
Europe du Sud Bosnie-Herzégovine
63%
Corne de l'Afrique Djibouti
63%
Afrique australe Botswana
56%
Afrique de l'Ouest Burkina
56%
Europe du Nord Danemark
56%
Afrique Afrique du Sud
50%
Europe Belgique
44%
Amérique centrale Bélize
44%
Afrique Centrale Centrafrique
44%
Asie Chypre
44%
Petites Antilles Dominique
38%
Afrique centrale République du Congo
25%
Grandes Antilles République Dominicaine
19%
Sud-ouest de l'océan pacifique îles Cook
13%
Aucun quiz correspondant
Distribution des résultats
% des personnes avec chaque résultat
Percentile par nombre de réponses
Votre historique - résultats
Vous n’avez pas pris ce quiz